Top 5 Songs On Selected Ambient Sounds 85-92 - Statistics

General Stats
  • This quiz has been taken 5 times
  • The average score is 3 of 5
Answer Stats
Hint Answer % Correct
33,670,036 Xtal
100%
20,995,816 Ageispolis
50%
19,611,459 I
50%
11,708,303 Pulsewidth
25%
10,825,018 Tha
25%
No matching quizzes found
Score Distribution
Percent of People with Each Score
Percentile by Number Answered
Your Score History
You have not taken this quiz